| 000 | 00682nam a2200241Ia 4500 | ||
|---|---|---|---|
| 003 | OSt | ||
| 005 | 20220918211606.0 | ||
| 006 | a|||||r|||| 00| 0 | ||
| 007 | ta | ||
| 008 | 220917b |||||||| |||| 00| 0 eng d | ||
| 024 | _a124,929 | ||
| 037 | _cTextual | ||
| 040 |
_aARTS _cARTS _beng |
||
| 041 |
_2eng _aeng |
||
| 082 | _aW,8y12.N8-N5, M9 | ||
| 100 |
_aChatuvedi T N _9121020 |
||
| 245 | 0 |
_aTraining in public administration _b The changing perspective |
|
| 260 |
_aNew Delhi _bIndian Inst of Pub _c1989 |
||
| 300 |
_axix, 464p. _ccm. |
||
| 650 | _aPOLITICAL SCIENCE | ||
| 942 |
_hW,8y12.N8-N5, M9 _cTEXL _2CC |
||
| 999 |
_c248114 _d248114 |
||